000 01123nam a2200337 i 4500
005 20220317002020.0
007 ta
008 201106s2020 ck ||||er|||| 00| fdspa d
020 _a9789584286475
040 _aCO-BoRNBP
_bspa
_erda
_cCO-BoRNBP
041 _aspa
084 _aN MAL4
100 1 _aMallarino Flórez, Gonzalo
_d1958-
_eautor
245 1 0 _aMatrimonio
_cGonzalo Mallarino
250 _aPrimera edición
264 1 _aBogotá
_bPlaneta colombiana
_bTusquets Editores
_c2020
300 _a103 páginas
_b23 cm
336 _2rdacontent
_atexto
_btxt
337 _2rdamedia
_asin mediación
_bn
338 _2rdacarrier
_avolumen
_bnc
490 _aColección andanzas
521 _aRecomendado para público adulto
545 _aIncluye datos biográficos del autor en la solapa
650 1 7 _2LEMB
_aNovela colombiana
_ySiglo XX
650 1 7 _2LEMB
_aLiteratura colombiana
_ySiglo XX
650 1 7 _2LEMB
_aAutores colombianos
_ySiglo XX
650 1 7 _2LEMB
_aMatrimonio
_vNovela
650 1 7 _2LEMB
_aFamilia
_vNovela
651 4 _aBogotá (Colombia)
_xVida social y costumbres
_vNovela
_920228
942 _2loc
_cBKLIT
999 _c8900
_d8900